Guess the Formula One Driver #2 - Statistics

General Stats
  • This quiz has been taken 22 times
  • The average score is 4 of 10
Answer Stats
Hint Answer % Correct
Racing Bulls Isack Hadjar
89%
Minardi - Jaguar - Williams - Red Bull Mark Webber
83%
Williams - Force India - Sauber - Force India - Renault - Haas - Sauber Nico Hülkenberg
83%
Williams - Benetton - Renault - BAR - Honda - Brawn GP - McLaren Jenson Button
72%
Renault - McLaren - Lotus - Caterham - Lotus Heikki Kovalainen
28%
Minardi - Jordan - Benetton - Jordan - Sauber - Renault - Force India - Ferrari Giancarlo Fisichella
22%
Theodore - ATS - Wolf - Fittipaldi - Williams - McLaren Keke Rosberg
22%
Brabham - Williams - Lotus - Benetton Nelson Piquet
17%
Prost - Sauber - Jordan - Williams - BMW Sauber - Sauber - Lotus Renault Nick Heidfeld
17%
Caterham - Sauber Marcus Ericsson
11%
No matching quizzes found
Score Distribution
Percent of People with Each Score
Percentile by Number Answered
Your Score History
You have not taken this quiz